| 000 | 00682nam a2200229 a 4500 | ||
|---|---|---|---|
| 001 | 000032575 | ||
| 003 | OSt | ||
| 005 | 20260321073642.0 | ||
| 008 | 100322s1979 dr 000 j spa d | ||
| 040 |
_aDO-SdBNP _bspa _cBNPHU |
||
| 082 |
_aRD863.44 _bB742m, 1979 |
||
| 100 | 1 |
_a Bosch, Juan, _d1909-2001 _976555 |
|
| 245 | 1 | 0 |
_aMás cuentos escritos en el exilio / _cJuan Bosch. |
| 250 | _aquinta edición | ||
| 260 |
_aSanto Domingo : _bAlfa y Omega, _c1979. |
||
| 300 |
_a284 p. ; _c20 cm. |
||
| 590 | _aInventariado, 2019/MFF | ||
| 650 | 0 |
_aCuentos dominicanos _9176 |
|
| 650 | 0 |
_aLiteratura dominicana. _967 |
|
| 910 | _aValidado. Control de calidad MFF | ||
| 942 |
_2ddc _cLBS1 |
||
| 999 |
_c32066 _d32066 |
||